000 00688cam a2200265 4500500
005 20260329001230.0
041 _afre
042 _adc
100 1 0 _ade Montety, Catherine
_eauthor
700 1 0 _aMoreau, Anne-Sophie
_eauthor
245 0 0 _aBrown-out
260 _c2022.
500 _a56
690 _aBonheur
690 _aBurn-out
690 _aCarrière
690 _aMotivation
690 _aPerformance
690 _aSens
690 _aStress
690 _aTravail
690 _aVie pro / vie perso
786 0 _nPhilonomist | - | 1 | 2022-11-15 | p. 4-6
856 4 1 _uhttps://shs.cairn.info/magazine-philonomist-2022-1-page-4?lang=fr&redirect-ssocas=7080
999 _c1803303
_d1803303